عرض عادي
عرض مارك
- Wireless communication systems.
مدخل مصطلح موضوعي
001 - رقم الضبط
- حقل الضبط: 5743
003 - معرف رقم الضبط
- حقل الضبط: OSt
005 - تاريخ ووقت أخر عملية
- حقل الضبط: 20111027024535.0
008 - عناصر بيانات ثابتة الطول
- حقل تحكم ثابت الطول: 111027|||a|||||| | ||| d
040 ## - مصدر الفهرسة
- هيئة الفهرسة الأصلية: OSt
- وكالة الكتابة: OSt
150 ## - مدخل-- مصطلح تاريخي
- عنصر مدخل المصطلح الموضوعي او الاسم الجغرافي: Wireless communication systems.
670 ## - بيانات المصدر موجوده
- الاستشهاد بالمصدر: Work cat.: (OSt)524: Reid, Neil P. 5741, 802.11 (Wi-Fi) :, c2003.
